| 000 | 00491nam a2200181 a 4500 | ||
|---|---|---|---|
| 005 | 20210223123707.0 | ||
| 008 | 991125s1982 es 000 0 spa u | ||
| 020 | _a8427705506 | ||
| 035 | _aUPN01000058104 | ||
| 049 | _aCG | ||
| 050 | 4 |
_aLC506 E5 _bA7.9 |
|
| 100 | 1 | _aAparisi, Antonio | |
| 245 | 1 | 0 |
_aUtopía escolar y realismo educativo / _cAntonio Aparisi. |
| 260 |
_aMadrid : _bNarcea, _c1982. |
||
| 300 | _a127 p. | ||
| 650 | 4 |
_aEDUCACION RELIGIOSA - _zESPAÑA _915764 |
|
| 905 | _aLibro | ||
| 999 |
_c58104 _d58104 |
||